| 000 | 00751nam a22001577a 4500 | ||
|---|---|---|---|
| 003 | OSt | ||
| 005 | 20150905151935.0 | ||
| 008 | 150905b xxu||||| |||| 00| 0 eng d | ||
| 040 | _cRUA | ||
| 082 | _aAGR ហ៊ាន 1989 B001 Or.1 | ||
| 100 |
_943 _aហ៊ាន វណ្ណហន |
||
| 245 | _aសមាសភាពនៃប្រភេទសត្វបំផ្លាញនិងជំងឺសំខាន់ៗលើដំណាំថ្នាំជក់ ការបំផ្លិចបំផ្លាញរបស់វា និង វិធានការណ៍កំចាត់នៅស្ថានីយ៍ថ្នាំជក់សំរោងធំ | ||
| 260 |
_aPhnom Penh _bRUA _c1989 |
||
| 300 |
_a146p. _bill. _c29cm. |
||
| 942 |
_2ddc _cAGR |
||
| 999 |
_c41 _d41 |
||